00981nam a2200265Ia 4500003000400000005001700004008004100021020001500062040001800077041000800095082001900103100003100122245010300153250001300256260005000269300002800319650003400347650004900381650003800430650003200468700003200500942002600532999001900558952013800577OSt20251011091939.0210716s2002 xx 000 0 und d a817884060X cAIMIT LIBRARY aeng a005.756 bKAUH aKaur, Harloveleen.9241744 aRelational database management system :ban approach /cBy Harloveleen Kaur and Bakhshinder Singh. a1st ed. aNew Delhi :bCyber Tech Publications ,c2002. axii,189 p.;bPBc25 cm. aDatabase architecture9241745 aData structure and storage structure9241746 aRelational data structure9241747 aRelational calculus9241748 aSingh, Bakhshinder.9242011 2ddccBKk005.756 KAUH c186881d186881 001040708MCAaAIMITbAIMITeIntel Book Distributorsg120.00l0o005.756 KAUHpMCA06389r2025-07-21 00:00:00v96.00w2021-07-16yBK